Normal view
MARC view
- Aguillón Ramírez, Alvaro Antonio Ascary
Entry Nombre Personal
001 - NUMERO DE CONTROL
- campo de control: 40149
003 - IDENTIFICADOR DE NUMERO DE CONTROL
- campo de control: UPN
005 - FECHA Y HORA DE LA ÜLTIMA TRANSACCIÓN
- campo de control: 20210219194553.0
008 - DATOS DE LONGITUD FIJA
- campo de control de longitud fija: nabaccnnaabn|||||||||| b |nc|||||d
035 ## - NUMERO DE CONTROL
- Número de control: UPN11000012256
040 ## - FUENTE DE CATALOGACIÓN
- Lenguaje de catalogación: SPA
- Agencia de transcripción: UPN
100 1# - ENCABEZAMIENTO - NOMBRE PERSONAL
- Nombre personal: Aguillón Ramírez, Alvaro Antonio Ascary
400 1# - VEÁSE - NOMBRE DE PERSONA
- Personal name: Ascary Aguillón, Alvaro Antonio
670 ## - FUENTE EN LA QUE SE LOCALIZARON DATOS
- Cita de la fuente: T
- Uniform Resource Identifier: http://www.uanl.mx/universidad/persona/administrativo/alvaro-antonio-ascary-aguillon-ramirez.html
680 ## - NOTA PUBLICA DE ACCESO PÚBLICO
- Frase explicativa de la referencia: Doctor en Administración de Negocios
902 ## - CATALOGADOR
- Catalogador: MMA/110517
